| 000 | 01010nam a22002537a 4500 | ||
|---|---|---|---|
| 005 | 20170124102947.0 | ||
| 010 | _aB-016056 | ||
| 020 |
_c200.00 _a8173153396 |
||
| 035 | _aB-016056 | ||
| 037 | _bCen Lib/Ret | ||
| 040 |
_aDPL _bHN |
||
| 082 |
_a910.4 _bशिंदेसु |
||
| 100 |
_aशिंदे, सुशील कुमार _950403 |
||
| 245 |
_aकहानी विदेश यात्राओं की / _cसुशील कुमार शिंदे |
||
| 246 |
_aKahani videsh yatraon ki / _bby Susheel Kumar Shindey |
||
| 260 |
_bप्रभात प्रकाशन _c2000 _aदिल्ली |
||
| 270 |
_bदिल्ली _a4/19 असफ अली रोड _e110002 |
||
| 300 |
_a199पृ. _c21सेमी(सजिल्द ) |
||
| 650 |
_aभूगोल _x _z _950404 |
||
| 650 |
_aकहानियां _950405 |
||
| 650 |
_aGeography _950406 |
||
| 650 |
_aStories _97500 |
||
| 942 |
_2ddc _cHN _h910.4 _mशिंदेसु |
||
| 999 |
_c113055 _d113055 |
||